<?xml version="1.0" encoding="UTF-8"?>
<record
    xmlns:xsi="http://www.w3.org/2001/XMLSchema-instance"
    xsi:schemaLocation="http://www.loc.gov/MARC21/slim http://www.loc.gov/standards/marcxml/schema/MARC21slim.xsd"
    xmlns="http://www.loc.gov/MARC21/slim">

  <leader>02153nim a2200457 i 4500</leader>
  <controlfield tag="001">197280</controlfield>
  <controlfield tag="003">ES-MaACL</controlfield>
  <controlfield tag="005">20250828062615.0</controlfield>
  <controlfield tag="007">ss lsnjlcipnne</controlfield>
  <controlfield tag="008">250424s1991    sp nnnn  |||| 00|   spa d</controlfield>
  <datafield tag="040" ind1=" " ind2=" ">
    <subfield code="b">spa</subfield>
    <subfield code="c">ES-MaACL</subfield>
  </datafield>
  <datafield tag="245" ind1="0" ind2="0">
    <subfield code="a">Alternativas ecol&#xF3;gicas a Madrid</subfield>
    <subfield code="h">[Grabaci&#xF3;n sonora] :</subfield>
    <subfield code="b">conferencia /</subfield>
    <subfield code="c">intervienen Javier S&#xE1;enz Baku, Juan Gallego Luque, Jes&#xFA;s Gonz&#xE1;lez Bravo y Jorge Martin Neira ; modera David M. Rivas</subfield>
  </datafield>
  <datafield tag="260" ind1=" " ind2=" ">
    <subfield code="a">Madrid : </subfield>
    <subfield code="b">Ateneo de Madrid, </subfield>
    <subfield code="c">1991</subfield>
  </datafield>
  <datafield tag="300" ind1=" " ind2=" ">
    <subfield code="a">2 casetes (ca. 180 min) :</subfield>
    <subfield code="b">son. ;</subfield>
    <subfield code="c">11 cm</subfield>
  </datafield>
  <datafield tag="336" ind1=" " ind2=" ">
    <subfield code="2">rdacontent</subfield>
    <subfield code="a">texto</subfield>
  </datafield>
  <datafield tag="337" ind1=" " ind2=" ">
    <subfield code="2">rdamedia</subfield>
    <subfield code="a">sin mediaci&#xF3;n</subfield>
  </datafield>
  <datafield tag="338" ind1=" " ind2=" ">
    <subfield code="2">rdacarrier</subfield>
    <subfield code="a">volumen</subfield>
  </datafield>
  <datafield tag="490" ind1="1" ind2=" ">
    <subfield code="3">Actos culturales en el Ateneo de Madrid</subfield>
  </datafield>
  <datafield tag="511" ind1=" " ind2=" ">
    <subfield code="a">Intervienen: Javier S&#xE1;enz Baku (miembro de la Federaci&#xF3;n de Madrid de los Verdes); Juan Gallego Luque (miembro de la Coordinadora de Defensa Ambiental); Jes&#xFA;s Gonz&#xE1;lez Bravo (miembro de la Fundaci&#xF3;n Gondwana) y Jorge Mart&#xED;n Neira (miembro de los Verdes y de AEDENAT); modera David M. Rivas</subfield>
  </datafield>
  <datafield tag="518" ind1=" " ind2=" ">
    <subfield code="a">Grabado el 19 de marzo de 1991 en el Sal&#xF3;n de Actos del Ateneo de Madrid</subfield>
  </datafield>
  <datafield tag="520" ind1=" " ind2=" ">
    <subfield code="a">Conferencia sobre las alternativas ecol&#xF3;gicas en Madrid </subfield>
  </datafield>
  <datafield tag="540" ind1=" " ind2=" ">
    <subfield code="a">Documento in&#xE9;dito</subfield>
  </datafield>
  <datafield tag="594" ind1=" " ind2=" ">
    <subfield code="5">Datos basados en la invitaci&#xF3;n.</subfield>
  </datafield>
  <datafield tag="610" ind1="2" ind2="0">
    <subfield code="a">Ateneo de Madrid-</subfield>
    <subfield code="x">Actos culturales-</subfield>
    <subfield code="y">1991-</subfield>
    <subfield code="v">Grabaciones sonoras</subfield>
    <subfield code="9">240452</subfield>
  </datafield>
  <datafield tag="650" ind1=" " ind2="4">
    <subfield code="9">11999</subfield>
    <subfield code="a">Ecolog&#xED;a-</subfield>
    <subfield code="z">Espa&#xF1;a</subfield>
  </datafield>
  <datafield tag="650" ind1=" " ind2="7">
    <subfield code="9">167340</subfield>
    <subfield code="a">Ecolog&#xED;a vegetal-</subfield>
    <subfield code="z">Madrid (Comunidad Aut&#xF3;noma)</subfield>
  </datafield>
  <datafield tag="653" ind1=" " ind2=" ">
    <subfield code="a">Archivo de la palabra</subfield>
  </datafield>
  <datafield tag="700" ind1="1" ind2=" ">
    <subfield code="9">240481</subfield>
    <subfield code="a">S&#xE1;enz Baku, Javier</subfield>
    <subfield code="e">ora</subfield>
  </datafield>
  <datafield tag="700" ind1="1" ind2=" ">
    <subfield code="9">240482</subfield>
    <subfield code="a">Gallego Luque, Juan </subfield>
    <subfield code="e">ora</subfield>
  </datafield>
  <datafield tag="700" ind1="1" ind2=" ">
    <subfield code="9">240483</subfield>
    <subfield code="a">Gonz&#xE1;lez Bravo, Jes&#xFA;s </subfield>
    <subfield code="e">ora</subfield>
  </datafield>
  <datafield tag="700" ind1=" " ind2=" ">
    <subfield code="9">240484</subfield>
    <subfield code="a">Mart&#xED;n Neira, Jorge </subfield>
    <subfield code="e">ora</subfield>
  </datafield>
  <datafield tag="700" ind1="1" ind2=" ">
    <subfield code="a">Rivas, David M.</subfield>
    <subfield code="e">mod</subfield>
    <subfield code="9">97554</subfield>
  </datafield>
  <datafield tag="710" ind1="2" ind2=" ">
    <subfield code="9">1875</subfield>
    <subfield code="a">Ateneo de Madrid</subfield>
    <subfield code="e">his</subfield>
  </datafield>
  <datafield tag="710" ind1=" " ind2=" ">
    <subfield code="9">240485</subfield>
    <subfield code="a">Federaci&#xF3;n de Madrid de los Verdes</subfield>
    <subfield code="e">clb</subfield>
  </datafield>
  <datafield tag="830" ind1=" " ind2="0">
    <subfield code="a">Actos culturales en el Ateneo de Madrid</subfield>
    <subfield code="9">240237</subfield>
  </datafield>
  <datafield tag="852" ind1=" " ind2=" ">
    <subfield code="a">ES-MaACL</subfield>
    <subfield code="c">DEPOZ</subfield>
    <subfield code="p">Cinta 1</subfield>
    <subfield code="9">205537</subfield>
  </datafield>
  <datafield tag="852" ind1=" " ind2=" ">
    <subfield code="a">ES-MaACL</subfield>
    <subfield code="c">DEPOZ</subfield>
    <subfield code="p">Cinta 2</subfield>
    <subfield code="9">205538 </subfield>
  </datafield>
  <datafield tag="942" ind1=" " ind2=" ">
    <subfield code="2">udc</subfield>
    <subfield code="n">0</subfield>
    <subfield code="c">CINTASAUD</subfield>
  </datafield>
  <datafield tag="999" ind1=" " ind2=" ">
    <subfield code="c">197280</subfield>
    <subfield code="d">197280</subfield>
  </datafield>
  <datafield tag="952" ind1=" " ind2=" ">
    <subfield code="0">0</subfield>
    <subfield code="1">0</subfield>
    <subfield code="2">udc</subfield>
    <subfield code="3">Cinta 1</subfield>
    <subfield code="4">0</subfield>
    <subfield code="7">0</subfield>
    <subfield code="8">archivo_palabra</subfield>
    <subfield code="a">ATENEOM</subfield>
    <subfield code="b">ATENEOM</subfield>
    <subfield code="c">DEPOZ</subfield>
    <subfield code="d">2025-05-14</subfield>
    <subfield code="l">0</subfield>
    <subfield code="o">AP/1250</subfield>
    <subfield code="p">2025-0298</subfield>
    <subfield code="r">2025-05-14 00:00:00</subfield>
    <subfield code="w">2025-05-14</subfield>
    <subfield code="y">CINTASAUD</subfield>
  </datafield>
  <datafield tag="952" ind1=" " ind2=" ">
    <subfield code="0">0</subfield>
    <subfield code="1">0</subfield>
    <subfield code="2">udc</subfield>
    <subfield code="3">Cinta 2</subfield>
    <subfield code="4">0</subfield>
    <subfield code="7">0</subfield>
    <subfield code="8">archivo_palabra</subfield>
    <subfield code="a">ATENEOM</subfield>
    <subfield code="b">ATENEOM</subfield>
    <subfield code="c">DEPOZ</subfield>
    <subfield code="d">2025-05-14</subfield>
    <subfield code="l">0</subfield>
    <subfield code="o">AP/1251</subfield>
    <subfield code="p">2025-0299</subfield>
    <subfield code="r">2025-05-14 00:00:00</subfield>
    <subfield code="w">2025-05-14</subfield>
    <subfield code="y">CINTASAUD</subfield>
  </datafield>
</record>
